[Event "EYCC 2024 - O08"]
[Site "?"]
[Date "2024.08.28"]
[Round "6.9"]
[White "Vo, Daniel"]
[Black "Kucher, Artem"]
[Result "1-0"]
[BlackElo "1670"]
[WhiteElo "1707"]
[LiveChessVersion "1.4.8"]

1. e4 {[%clk 1:30:57]} c5 {[%clk 1:30:52]} 2. c3 {[%clk 1:31:18]} d5
{[%clk 1:31:06]} 3. exd5 {[%clk 1:31:35]} Qxd5 {[%clk 1:31:30]} 4. d4
{[%clk 1:31:41]} cxd4 {[%clk 1:31:55]} 5. cxd4 {[%clk 1:31:39]} Nc6
{[%clk 1:32:21]} 6. Nf3 {[%clk 1:31:51]} Bg4 {[%clk 1:32:44]} 7. Nc3
{[%clk 1:31:42]} Bxf3 {[%clk 1:33:08]} 8. Nxd5 {[%clk 1:32:04]} Bxd1
{[%clk 1:33:32]} 9. Nc7+ {[%clk 1:32:19]} Kd8 {[%clk 1:28:31]} 10. Nxa8
{[%clk 1:32:22]} Bh5 {[%clk 1:28:55]} 11. f3 {[%clk 1:30:09]} e6 {[%clk 1:22:27]}
12. Bf4 {[%clk 1:24:56]} Bb4+ {[%clk 1:04:29]} 13. Kf2 {[%clk 1:18:56]} Nge7
{[%clk 1:01:16]} 14. a3 {[%clk 1:15:23]} Ba5 {[%clk 0:58:56]} 15. b4
{[%clk 1:14:33]} Nd5 {[%clk 0:57:09]} 16. Bg3 {[%clk 1:10:54]} Kd7
{[%clk 0:57:25]} 17. bxa5 {[%clk 1:06:14]} Rxa8 {[%clk 0:56:29]} 18. Bb5
{[%clk 1:02:41]} Rc8 {[%clk 0:55:32]} 19. Rab1 {[%clk 0:56:20]} b6
{[%clk 0:55:14]} 20. Rhc1 {[%clk 0:51:36]} Bg6 {[%clk 0:52:48]} 21. Rxc6
{[%clk 0:44:26]} Rxc6 {[%clk 0:53:01]} 22. Rc1 {[%clk 0:43:16]} Ne7
{[%clk 0:53:26]} 23. a6 {[%clk 0:36:39]} f6 {[%clk 0:50:37]} 24. a4
{[%clk 0:19:45]} Be8 {[%clk 0:50:39]} 25. a5 {[%clk 0:14:42]} bxa5
{[%clk 0:50:03]} 26. Bxc6+ {[%clk 0:11:43]} Nxc6 {[%clk 0:50:27]} 27. Rb1
{[%clk 0:11:59]} Nb4 {[%clk 0:50:14]} 28. Ra1 {[%clk 0:10:03]} Nc6
{[%clk 0:49:22]} 29. Ke3 {[%clk 0:09:37]} Bg6 {[%clk 0:49:43]} 30. Be1
{[%clk 0:09:29]} e5 {[%clk 0:49:06]} 31. dxe5 {[%clk 0:08:13]} Nxe5
{[%clk 0:49:30]} 32. Bxa5 {[%clk 0:07:41]} Kc6 {[%clk 0:46:31]} 33. Bc3
{[%clk 0:06:57]} Nc4+ {[%clk 0:46:38]} 34. Kd4 {[%clk 0:07:02]} Nd6
{[%clk 0:46:38]} 35. Ke3 {[%clk 0:06:24]} Nc4+ {[%clk 0:47:01]} 36. Kf2
{[%clk 0:06:34]} Kb5 {[%clk 0:47:02]} 37. Bd4 {[%clk 0:06:32]} Nd2
{[%clk 0:46:14]} 38. Bxa7 {[%clk 0:06:22]} Nb3 {[%clk 0:46:32]} 39. Be3 1-0

[Event "EYCC 2024 - O08"]
[Site "?"]
[Date "2024.08.28"]
[Round "6.10"]
[White "Ni, Wilhelm Zeyin"]
[Black "Vasiloi, Leonard"]
[Result "0-1"]
[BlackElo "1565"]
[WhiteElo "1704"]
[LiveChessVersion "1.4.8"]

1. e4 {[%clk 1:30:55]} c6 {[%clk 1:30:49]} 2. Nf3 {[%clk 1:31:12]} d5
{[%clk 1:31:15]} 3. Nc3 {[%clk 1:31:34]} dxe4 {[%clk 1:31:36]} 4. Nxe4
{[%clk 1:31:58]} Nf6 {[%clk 1:31:58]} 5. d3 {[%clk 1:26:12]} e6 {[%clk 1:25:47]}
6. Be2 {[%clk 1:18:08]} Nbd7 {[%clk 1:26:02]} 7. Bf4 {[%clk 1:16:59]} Qa5+
{[%clk 1:23:52]} 8. c3 {[%clk 1:14:21]} e5 {[%clk 1:21:29]} 9. Bg3
{[%clk 1:06:12]} Be7 {[%clk 1:20:21]} 10. a3 {[%clk 1:03:19]} O-O
{[%clk 1:20:23]} 11. b4 {[%clk 1:02:49]} Qc7 {[%clk 1:19:46]} 12. O-O
{[%clk 1:01:19]} Re8 {[%clk 1:15:50]} 13. Qb3 {[%clk 0:56:47]} Nxe4 14. dxe4
{[%clk 0:57:06]} Bf6 {[%clk 1:10:15]} 15. Bc4 {[%clk 0:55:14]} Nf8
{[%clk 1:10:29]} 16. Nd4 {[%clk 0:46:37]} b5 {[%clk 1:09:49]} 17. Be2
{[%clk 0:44:35]} Qb7 {[%clk 1:01:48]} 18. Nf5 {[%clk 0:42:01]} Bxf5
{[%clk 0:57:08]} 19. exf5 {[%clk 0:42:10]} Rad8 {[%clk 0:50:03]} 20. Rad1
{[%clk 0:38:21]} Nd7 {[%clk 0:27:26]} 21. Rd2 {[%clk 0:27:05]} Bg5
{[%clk 0:26:38]} 22. Rd6 {[%clk 0:22:03]} Nb6 {[%clk 0:14:00]} 23. Rfd1
{[%clk 0:19:26]} Rxd6 {[%clk 0:14:22]} 24. Rxd6 {[%clk 0:19:50]} Nd5
{[%clk 0:13:53]} 25. f6 {[%clk 0:16:50]} Qc7 {[%clk 0:10:29]} 26. Rxd5 cxd5
{[%clk 0:09:53]} 27. fxg7 {[%clk 0:16:46]} Qc6 28. Bg4 {[%clk 0:15:39]} Kxg7
{[%clk 0:09:57]} 29. h4 {[%clk 0:15:08]} Bf6 {[%clk 0:10:04]} 30. f3
{[%clk 0:12:59]} Qc4 {[%clk 0:09:47]} 31. Qxc4 {[%clk 0:13:09]} bxc4
{[%clk 0:10:06]} 32. Bf5 {[%clk 0:12:49]} d4 {[%clk 0:10:27]} 33. Bf2
{[%clk 0:12:58]} dxc3 {[%clk 0:10:40]} 34. b5 {[%clk 0:12:48]} Rb8
{[%clk 0:10:39]} 35. a4 {[%clk 0:13:10]} Rb7 {[%clk 0:10:23]} 36. Be4
{[%clk 0:13:21]} Rd7 {[%clk 0:10:35]} 37. Kf1 {[%clk 0:13:28]} Rd1+
{[%clk 0:10:58]} 38. Ke2 {[%clk 0:13:48]} Rd2+ {[%clk 0:11:13]} 39. Ke1
{[%clk 0:13:58]} Ra2 {[%clk 0:11:32]} 40. Bxa7 {[%clk 0:13:45]} Bxh4+
{[%clk 0:11:08]} 41. Kd1 {[%clk 0:14:06]} Ra1+ {[%clk 0:10:49]} 42. Kc2
{[%clk 0:14:16]} Rxa4 {[%clk 0:09:31]} 43. b6 Bd8 {[%clk 0:09:33]} 44. Kxc3
{[%clk 0:14:38]} Bxb6 {[%clk 0:09:04]} 45. Bxb6 {[%clk 0:15:04]} h5
{[%clk 0:09:08]} 46. Bc5 {[%clk 0:14:44]} Ra2 {[%clk 0:08:57]} 47. f4
{[%clk 0:14:40]} exf4 {[%clk 0:08:06]} 48. Bd6 {[%clk 0:14:55]} Rf2
{[%clk 0:07:48]} 49. Bf3 {[%clk 0:15:03]} h4 {[%clk 0:07:44]} 50. Bxf4
{[%clk 0:15:08]} h3 {[%clk 0:08:06]} 51. Bg3 {[%clk 0:15:18]} Rf1
{[%clk 0:08:21]} 52. Bc6 {[%clk 0:14:16]} Rc1+ {[%clk 0:05:48]} 53. Kb4
{[%clk 0:13:30]} hxg2 {[%clk 0:04:36]} 54. Bxg2 {[%clk 0:12:54]} Rg1
{[%clk 0:05:02]} 55. Be5+ {[%clk 0:13:00]} f6 {[%clk 0:05:28]} 56. Bxf6+
{[%clk 0:13:24]} Kxf6 {[%clk 0:05:53]} 57. Bd5 {[%clk 0:13:47]} Ke5
{[%clk 0:06:14]} 58. Bxc4 {[%clk 0:13:58]} Kd4 {[%clk 0:06:39]} 59. Bf7
{[%clk 0:13:05]} Rb1+ {[%clk 0:07:04]} 60. Ka3 Kc3 {[%clk 0:07:04]} 61. Ka2
{[%clk 0:12:28]} Rb7 {[%clk 0:06:51]} 62. Be6 {[%clk 0:12:14]} Rb6
{[%clk 0:07:13]} 63. Bf7 {[%clk 0:12:36]} Ra6+ {[%clk 0:07:37]} 64. Kb1
{[%clk 0:12:56]} Ra3 {[%clk 0:07:51]} 65. Ba2 {[%clk 0:12:13]} Ra5
{[%clk 0:08:10]} 66. Bf7 {[%clk 0:12:10]} Rb5+ {[%clk 0:08:31]} 67. Kc1
{[%clk 0:12:07]} Rf5 {[%clk 0:08:57]} 0-1

[Event "EYCC 2024 - O08"]
[Site "?"]
[Date "2024.08.28"]
[Round "6.11"]
[White "Petrenko, Tymofii"]
[Black "Morotti, Federico"]
[Result "1/2-1/2"]
[BlackElo "1528"]
[WhiteElo "1696"]
[LiveChessVersion "1.4.8"]

1. e4 {[%clk 1:30:57]} e5 {[%clk 1:30:53]} 2. Nf3 {[%clk 1:31:18]} Nc6
{[%clk 1:31:17]} 3. Bc4 {[%clk 1:31:41]} Nf6 {[%clk 1:31:41]} 4. d3
{[%clk 1:31:55]} d5 {[%clk 1:32:01]} 5. exd5 {[%clk 1:32:16]} Nxd5
{[%clk 1:32:23]} 6. O-O {[%clk 1:32:25]} Bc5 {[%clk 1:32:25]} 7. Re1
{[%clk 1:31:26]} Bg4 {[%clk 1:32:42]} 8. h3 {[%clk 1:31:38]} Bh5 {[%clk 1:33:06]}
9. g4 {[%clk 1:30:06]} Bg6 {[%clk 1:33:27]} 10. Nxe5 {[%clk 1:30:23]} O-O
{[%clk 1:33:29]} 11. c3 {[%clk 1:26:56]} Nb6 {[%clk 1:27:31]} 12. Nxg6
{[%clk 1:24:48]} hxg6 {[%clk 1:27:45]} 13. Bb3 {[%clk 1:23:40]} Qh4
{[%clk 1:24:59]} 14. d4 {[%clk 1:23:38]} Bd6 {[%clk 1:23:35]} 15. Qf3
{[%clk 1:23:41]} Na5 {[%clk 1:22:52]} 16. Re4 {[%clk 1:20:01]} Nxb3
{[%clk 1:20:50]} 17. g5 {[%clk 1:18:29]} Qh7 {[%clk 1:20:06]} 18. axb3
{[%clk 1:18:46]} f5 {[%clk 1:20:14]} 19. Re1 {[%clk 1:17:51]} c6 {[%clk 1:18:52]}
20. Na3 {[%clk 1:17:15]} Bxa3 {[%clk 1:18:31]} 21. bxa3 {[%clk 1:16:41]} Rae8
{[%clk 1:16:25]} 22. Bf4 {[%clk 1:14:01]} Nd5 {[%clk 1:15:22]} 23. Bd6
{[%clk 1:14:24]} Rxe1+ {[%clk 1:15:09]} 24. Rxe1 {[%clk 1:14:33]} Rd8
{[%clk 1:15:08]} 25. Re6 {[%clk 1:13:19]} Kf7 {[%clk 1:14:48]} 26. Qe2
{[%clk 1:13:10]} Qxh3 {[%clk 1:14:28]} 27. Re7+ {[%clk 1:03:28]} Kg8 1/2-1/2

[Event "EYCC 2024 - O08"]
[Site "?"]
[Date "2024.08.28"]
[Round "6.12"]
[White "Donets, Tymur"]
[Black "Li, Leon"]
[Result "1/2-1/2"]
[BlackElo "1648"]
[WhiteElo "1559"]
[LiveChessVersion "1.4.8"]

1. e4 {[%clk 1:30:56]} e5 {[%clk 1:30:15]} 2. Nf3 {[%clk 1:31:10]} Nc6
{[%clk 1:30:10]} 3. Nc3 {[%clk 1:29:31]} Nf6 {[%clk 1:29:49]} 4. d4
{[%clk 1:29:44]} exd4 {[%clk 1:29:35]} 5. Nxd4 {[%clk 1:29:59]} Bb4
{[%clk 1:29:30]} 6. Nxc6 {[%clk 1:29:55]} bxc6 {[%clk 1:29:15]} 7. Bd3
{[%clk 1:29:42]} d5 {[%clk 1:28:31]} 8. exd5 {[%clk 1:29:02]} cxd5
{[%clk 1:28:13]} 9. O-O {[%clk 1:28:56]} O-O {[%clk 1:28:19]} 10. Bg5
{[%clk 1:28:48]} c6 {[%clk 1:28:24]} 11. Qf3 {[%clk 1:27:23]} Bd6
{[%clk 1:24:38]} 12. Rfe1 {[%clk 1:23:51]} h6 {[%clk 1:14:41]} 13. Bh4
{[%clk 1:20:37]} Be6 {[%clk 1:11:47]} 14. Bf5 {[%clk 1:16:14]} Bxf5
{[%clk 1:10:16]} 15. Qxf5 {[%clk 1:15:53]} Qd7 {[%clk 1:09:02]} 16. Qxd7
{[%clk 1:12:29]} Nxd7 {[%clk 1:06:41]} 17. Be7 {[%clk 1:12:05]} Bxe7
{[%clk 1:05:38]} 18. Rxe7 {[%clk 1:12:13]} Nf6 19. Rae1 {[%clk 1:10:53]} Rfe8
{[%clk 1:04:34]} 20. Rxe8+ {[%clk 1:09:37]} Rxe8 {[%clk 1:04:48]} 21. Rxe8+
{[%clk 1:09:58]} Nxe8 {[%clk 1:05:07]} 22. f3 {[%clk 1:10:04]} f6
{[%clk 1:05:03]} 23. Kf2 {[%clk 1:09:06]} Kf7 {[%clk 1:04:26]} 24. Ke3
{[%clk 1:08:44]} Ke6 {[%clk 1:04:13]} 25. Kd4 {[%clk 1:08:25]} Kd6
{[%clk 1:04:12]} 26. Na4 {[%clk 1:08:01]} Nc7 {[%clk 1:03:16]} 27. c4
{[%clk 1:05:57]} Ne6+ {[%clk 1:03:09]} 28. Kc3 {[%clk 1:05:45]} c5
{[%clk 1:02:49]} 29. cxd5 {[%clk 1:05:16]} Kxd5 {[%clk 1:02:11]} 30. b4
{[%clk 1:03:53]} cxb4+ {[%clk 1:01:03]} 31. Kxb4 {[%clk 1:03:33]} Kd4
{[%clk 1:00:30]} 32. Ka5 {[%clk 1:01:45]} Ke3 {[%clk 0:59:17]} 33. Ka6
{[%clk 1:01:28]} Kf2 {[%clk 0:59:10]} 34. Kxa7 {[%clk 1:01:42]} Kxg2
{[%clk 0:58:22]} 35. Kb6 {[%clk 1:01:41]} Kxh2 {[%clk 0:57:35]} 36. Nc5
{[%clk 1:01:55]} Nxc5 {[%clk 0:57:30]} 37. Kxc5 {[%clk 1:01:27]} Kg3
{[%clk 0:57:43]} 38. a4 {[%clk 1:01:46]} h5 {[%clk 0:57:52]} 39. a5
{[%clk 1:02:06]} h4 {[%clk 0:58:10]} 40. a6 {[%clk 1:02:32]} h3 {[%clk 0:58:28]}
41. a7 {[%clk 1:02:44]} h2 {[%clk 0:58:48]} 42. a8=Q {[%clk 1:03:06]} h1=Q
{[%clk 0:59:03]} 43. Qb8+ {[%clk 1:03:29]} Kf2 {[%clk 0:58:09]} 44. Qb2+
{[%clk 1:03:35]} Kg1 {[%clk 0:58:02]} 45. Qb1+ {[%clk 1:03:46]} Kh2
{[%clk 0:58:15]} 46. Qh7+ {[%clk 1:03:44]} 1/2-1/2